00310nam a2200097Ia 45000010005000000080041000050820020000461000021000662450101000872600024001883142241024s9999 xx 000 0 und d aRD/371.71/V151i aJulio Valeirón 0aLa investigación científica en el marco del Plan Estratégico del Ministerio de Educación bSanto Domingoc2012